000 00816nam a2200253Ia 4500
003 OSt
005 20221005075958.0
006 a|||||r|||| 00| 0
007 ta
008 221004b |||||||| |||| 00| 0 eng d
020 _a8172112963 (hbk)
_c200
024 _a113786
037 _b173, 31/10/2011, Standard Book House
_cTextual
040 _aCRL
_cCRL
_beng
041 _2eng
_aeng
082 _aV2y7M91:g(Q4), Q0
100 _aMungekar B L
_9610174
245 0 _aDr. Ambedkar's approach to Buddhism
_b Towards a socio-cultural and democratic revolution
260 _aNew Delhi
_bNorthern Book Centre India
_c2010
300 _a37p.
_ccm.
650 _aHISTORY
942 _hV2y7M91:g(Q4), Q0
_cTEXL
_2cc
999 _c985505
_d985505